Normal view
MARC view
Entry Personal Name
001 - CONTROL NUMBER
- control field: 37134
003 - CONTROL NUMBER IDENTIFIER
- control field: dpl
005 - DATE AND TIME OF LATEST TRANSACTION
- control field: 20111219154956.0
008 - FIXED-LENGTH DATA ELEMENTS
- fixed length control field: 111219|||a|||||| | ||| d
040 ## - CATALOGING SOURCE
- Original cataloging agency: dpl
- Transcribing agency: dpl
100 ## - HEADING--PERSONAL NAME
- Personal name: Jaiswal, Sanjiv 'Sanjay'
670 ## - SOURCE DATA FOUND
- Source citation: Work cat.: (dpl)57699: Jaiswal, Sanjiv 'Sanjay', Rain, Rain /, 2010
670 ## - SOURCE DATA FOUND
- Source citation: Work cat.: (dpl)57699: Jaiswal, Sanjiv 'Sanjay', Rain, Rain /, 2010
